[Event "C.to Provinciale MN"]
[Site "Mantova ITA"]
[Date "2013.02.22"]
[Round "2"]
[White "Pietralunga, Nicola"]
[Black "Oppici, Gabriele"]
[WhiteElo "2108"]
[BlackElo "1971"]
[Result "1-0"]
[PlyCount "119"]
[EventDate "2013.02.15"]

1. c4 Nc6 2. Nc3 e5 3. g3 Nf6 4. Bg2 Bc5 5. d3 d6 6. Nf3 h6 7. O-O O-O 8. a3 a5
9. Rb1 Bf5 10. Nd2 Qd7 11. Nde4 Nxe4 12. Nxe4 Ba7 13. b4 axb4 14. axb4 Bh3 15.
e3 Bxg2 16. Kxg2 Ne7 17. Nc3 d5 18. Bb2 c6 19. Qe2 d4 20. Ne4 Rfd8 21. Rbd1 Nf5
22. c5 Bb8 23. Qf3 Ra2 24. Rd2 Bc7 25. Bc1 Rxd2 26. Bxd2 Ra8 27. Kg1 Ra3 28.
Qe2 Ne7 29. Bc1 Ra4 30. Bb2 f5 31. Nd6 Bxd6 32. cxd6 Qxd6 33. exd4 Qxb4 34.
Qxe5 Nd5 35. Ba1 Qf8 36. Rb1 Qa8 37. Qe1 b5 38. Bb2 Qf8 39. Qe6+ Qf7 40. Qxc6
f4 41. Re1 Rb4 42. Ba3 Ra4 43. Bc5 Ra2 44. Qe8+ Qxe8 45. Rxe8+ Kf7 46. Rf8+ Ke6
47. gxf4 Rd2 48. f5+ Kd7 49. Rf7+ Ke8 50. Rxg7 Nf4 51. h4 Nxd3 52. Rb7 Rxf2 53.
Re7+ Kd8 54. Re3 Rd2 55. f6 Rd1+ 56. Kh2 Rd2+ 57. Kg3 Nxc5 58. f7 Nd7 59. Re8+
Kc7 60. Re7 1-0

[Event "C.to Provinciale MN"]
[Site "Mantova ITA"]
[Date "2013.02.22"]
[Round "2"]
[White "Schiatti, Piero"]
[Black "Bozzi, Gianni"]
[WhiteElo "1989"]
[BlackElo "2168"]
[Result "1-0"]
[PlyCount "57"]
[EventDate "2013.02.15"]

1. d4 d6 2. c4 e5 3. d5 g6 4. e4 Bg7 5. Nc3 f5 6. f3 Nf6 7. Bd3 O-O 8. Bg5 h6
9. Bh4 a5 10. Nge2 Na6 11. exf5 gxf5 12. Ng3 f4 13. Nge4 Qe8 14. Qd2 Qh5 15.
Bf2 Nxe4 16. Nxe4 b6 17. O-O-O Bf6 18. g4 Qf7 19. h4 Bg7 20. Rdg1 Kh8 21. Bb1
Rg8 22. a3 Nc5 23. Bxc5 bxc5 24. Qc2 Bf8 25. Ng5 Qe7 26. Ne4 Bd7 27. Nf6 Rg7
28. g5 Rf7 29. Qg6 1-0

[Event "C.to Provinciale MN"]
[Site "Mantova ITA"]
[Date "2013.02.22"]
[Round "2"]
[White "Varini, Matteo"]
[Black "Mantovani, Celso"]
[WhiteElo "1671"]
[BlackElo "1044"]
[Result "1-0"]
[PlyCount "137"]
[EventDate "2013.02.15"]

1. d4 d5 2. Nf3 e6 3. e3 Nd7 4. Bd3 Ngf6 5. Nbd2 Nb6 6. c3 Bd6 7. O-O Bd7 8. e4
O-O 9. e5 Ba4 10. b3 Bd7 11. exd6 cxd6 12. Re1 Qc7 13. Qc2 Bc6 14. Nf1 Nbd7 15.
Ng3 Rfe8 16. Be2 Nf8 17. Ng5 Re7 18. Qd3 a6 19. Nh5 e5 20. Qg3 Nxh5 21. Bxh5
Be8 22. Nh3 f6 23. Bxe8 Raxe8 24. dxe5 Rxe5 25. Rxe5 dxe5 26. Bb2 Qd7 27. Qd3
Re6 28. Rd1 b5 29. Qxd5 Qxd5 30. Rxd5 h6 31. Ba3 Ng6 32. Rd6 Nf8 33. Rxe6 Nxe6
34. f3 Kf7 35. Kf2 g5 36. Ke3 h5 37. Ke4 Kg6 38. g3 g4 39. fxg4 hxg4 40. Nf2
Kg5 41. Bc1+ Kg6 42. Nxg4 Nc5+ 43. Kd5 Nd7 44. Be3 Kf5 45. Nf2 a5 46. Kc6 Nb8+
47. Kxb5 a4 48. Kxa4 Ke6 49. c4 Na6 50. c5 Nc7 51. b4 Nd5 52. Nd1 f5 53. c6 f4
54. gxf4 exf4 55. Bf2 Kd6 56. b5 Kc7 57. Ka5 Kd6 58. h4 f3 59. h5 Nf6 60. h6
Ke6 61. c7 Kd7 62. b6 Kc8 63. Bd4 Nh7 64. Ka6 Nf8 65. Ka7 Ng6 66. b7+ Kxc7 67.
b8=Q+ Kd7 68. h7 Ke7 69. Qb7+ 1-0

[Event "C.to Provinciale MN"]
[Site "Mantova ITA"]
[Date "2013.03.01"]
[Round "3"]
[White "Beltrami, Nerio"]
[Black "Albinelli, Alberto"]
[WhiteElo "1907"]
[BlackElo "1869"]
[Result "1-0"]
[PlyCount "57"]
[EventDate "2013.02.15"]

1. e4 e5 2. Nf3 Nc6 3. Bb5 a6 4. Bxc6 dxc6 5. O-O Bg4 6. h3 h5 7. d3 Bc5 8. Be3
Bd6 9. Nbd2 Qf6 10. Re1 Bd7 11. c3 Ne7 12. d4 O-O-O 13. dxe5 Bxe5 14. Nxe5 Qxe5
15. f4 Qf6 16. Qf3 Ng6 17. e5 Qf5 18. Qf2 f6 19. exf6 gxf6 20. Nf3 Rhg8 21. Nd4
Qd5 22. Nf3 Qf5 23. Rad1 Nxf4 24. Bxf4 Qxf4 25. Rd4 Qg3 26. Rh4 Qg6 27. Re2
Rde8 28. Qa7 Bf5 29. Qa8+ 1-0

[Event "C.to Provinciale MN"]
[Site "Mantova ITA"]
[Date "2013.03.01"]
[Round "3"]
[White "Bertani, Gianfranco"]
[Black "La Venia, Stefano"]
[WhiteElo "2057"]
[BlackElo "2005"]
[Result "1/2-1/2"]
[PlyCount "104"]
[EventDate "2013.02.15"]

1. d4 d5 2. Nf3 Nf6 3. e3 c5 4. c3 e6 5. Nbd2 Nc6 6. Bd3 Bd6 7. Qe2 O-O 8. O-O
e5 9. dxe5 Nxe5 10. Nxe5 Bxe5 11. e4 Re8 12. f4 dxe4 13. Bb5 Bg4 14. Qe1 Bc7
15. Bxe8 Qxe8 16. h3 Bd7 17. Nc4 b5 18. Ne3 c4 19. Nc2 Bc6 20. Be3 Nd5 21. Nd4
Bb6 22. Rd1 Bb7 23. Qe2 a5 24. Rfe1 g6 25. Qg4 Kh8 26. Qh4 b4 27. f5 Qe5 28.
Bh6 Re8 29. fxg6 fxg6 30. Qg5 Qxg5 31. Bxg5 bxc3 32. bxc3 Nxc3 33. Bf6+ Kg8 34.
Rd2 Nd5 35. Rb1 Kf7 36. Rf2 e3 37. Rf3 Nb4 38. Rf4 Nd5 39. Rf3 Kg8 40. Kf1 Ba6
41. Nb5 c3 42. a4 c2 43. Rc1 Nb4 44. Ke2 Rc8 45. Bb2 Na2 46. Rf6 Nxc1+ 47. Bxc1
Bxb5+ 48. axb5 Bd4 49. Rc6 Rb8 50. Rc4 Ba7 51. Rxc2 a4 52. Ra2 Rxb5 1/2-1/2

[Event "C.to Provinciale MN"]
[Site "Mantova ITA"]
[Date "2013.03.01"]
[Round "3"]
[White "Boni, Gianni"]
[Black "Baroni, Alessandro"]
[WhiteElo "1809"]
[BlackElo "1949"]
[Result "0-1"]
[PlyCount "42"]
[EventDate "2013.02.15"]

1. Nf3 d5 2. c4 Nf6 3. cxd5 Nxd5 4. Nc3 Nc6 5. e4 Ndb4 6. a3 Nd3+ 7. Bxd3 Qxd3
8. Qe2 Qxe2+ 9. Kxe2 Bg4 10. Ke3 e5 11. b4 g6 12. Nb5 O-O-O 13. h3 Bxf3 14.
Kxf3 a6 15. Nc3 Nd4+ 16. Kg3 Nb3 17. Ra2 Bh6 18. Nd5 c6 19. Ne3 Bf4+ 20. Kh4 h5
21. g4 g5# 0-1

[Event "C.to Provinciale MN"]
[Site "Mantova ITA"]
[Date "2013.03.01"]
[Round "3"]
[White "Goldoni, Claudio"]
[Black "Pietralunga, Nicola"]
[WhiteElo "1996"]
[BlackElo "2108"]
[Result "1/2-1/2"]
[PlyCount "118"]
[EventDate "2013.02.15"]

1. b3 d5 2. Bb2 Nf6 3. Nf3 Bf5 4. g3 e6 5. Bg2 Nbd7 6. d3 Bd6 7. Nh4 Bg4 8. Nd2
Qe7 9. c4 c6 10. O-O Ne5 11. Nhf3 Nxf3+ 12. Nxf3 O-O 13. Ne5 Bh5 14. h3 Nd7 15.
Nxd7 Qxd7 16. Qd2 f6 17. e4 dxe4 18. dxe4 Rad8 19. Qe3 Bb8 20. e5 Qd2 21. Ba3
Qxe3 22. fxe3 Bxe5 23. Bxf8 Bxa1 24. Bxg7 Kxg7 25. Rxa1 Rd2 26. g4 Bg6 27. Bf3
Kf7 28. Rd1 Rxd1+ 29. Bxd1 a5 30. Bf3 Ke7 31. c5 Bd3 32. Kf2 e5 33. e4 Kd7 34.
Bg2 Bb1 35. a3 Ba2 36. b4 axb4 37. axb4 Bc4 38. Kg3 h6 39. h4 Be6 40. Bf3 Ke7
41. Be2 Bb3 42. Kf3 Be6 43. Ke3 Kf7 44. Kd3 Ke7 45. Kc3 Kd7 46. Kb2 Kc7 47. Ka3
b5 48. Kb2 Kd8 49. Kc3 Ke7 50. Kd2 Kf8 51. Ke3 Kg7 52. Kf2 Kg6 53. Kg3 Kg7 54.
Bf3 Kg6 55. Bg2 Bd7 56. Bf3 Be6 57. Bd1 Kg7 58. Bf3 Kg6 59. Bd1 Kg7 1/2-1/2

[Event "C.to Provinciale MN"]
[Site "Mantova ITA"]
[Date "2013.03.01"]
[Round "3"]
[White "Maniscalco, Davide"]
[Black "Azzoni, Marino"]
[WhiteElo "1706"]
[BlackElo "1879"]
[Result "0-1"]
[PlyCount "44"]
[EventDate "2013.02.15"]

1. e4 e5 2. Nf3 d6 3. d4 exd4 4. Nxd4 Be7 5. Nc3 Nf6 6. Bc4 O-O 7. O-O Nxe4 8.
Nxe4 d5 9. Bxd5 Qxd5 10. Nc3 Qc4 11. Re1 Bf6 12. Re4 Rd8 13. Qe1 Qc5 14. Nb3
Qf8 15. Nd5 Na6 16. Nxf6+ gxf6 17. Bf4 Bf5 18. Re2 Nb4 19. Qc3 Nd5 20. Qg3+ Bg6
21. Bxc7 Rd7 22. Rd1 Nf4 0-1

[Event "C.to Provinciale MN"]
[Site "Mantova ITA"]
[Date "2013.03.01"]
[Round "3"]
[White "Mantovani, Celso"]
[Black "Anserini, Alberto"]
[WhiteElo "1044"]
[BlackElo "1523"]
[Result "1-0"]
[PlyCount "139"]
[EventDate "2013.02.15"]

1. e4 e5 2. Nc3 Nf6 3. f3 Bc5 4. d3 h6 5. Nge2 O-O 6. Ng3 Nc6 7. b3 d6 8. Bb2
Be6 9. Qc1 a6 10. Na4 Ba7 11. Be2 Nd4 12. Qd2 Nxe2 13. Qxe2 c6 14. O-O-O b5 15.
Nc3 Bd4 16. Nb1 Qa5 17. c3 Ba7 18. Ba1 c5 19. Qc2 b4 20. c4 Qb6 21. Nd2 a5 22.
Bb2 Qc6 23. Ne2 Bb6 24. Kb1 a4 25. f4 axb3 26. Nxb3 Ng4 27. Rdf1 Ne3 28. Qc1
Qa4 29. Qxe3 Qxa2+ 30. Kc2 Qa4 31. Ra1 Qc6 32. f5 Bd7 33. g4 Ra7 34. Rab1 Rfa8
35. Nec1 Ra2 36. Nxa2 Bd8 37. Qf2 Qc7 38. Bc1 Ba4 39. Kd1 Qe7 40. Be3 f6 41. h4
g5 42. Rb2 Kf7 43. h5 Qd7 44. Nac1 Qc6 45. Ra2 Ke7 46. Ke1 Kf7 47. Qb2 Bb6 48.
Ke2 Ra6 49. Kf3 Qa8 50. d4 exd4 51. Bg1 Qe8 52. Qb1 Bc7 53. Bh2 Qc6 54. Nd3 Bb6
55. Nb2 d5 56. exd5 Qe8 57. Rxa4 Qe3+ 58. Kg2 Qe2+ 59. Kg1 Qxg4+ 60. Kf1 Qh3+
61. Kg1 Qg4+ 62. Kf2 Qh4+ 63. Bg3 Qxh5 64. Rxa6 Bd8 65. Ra7+ Ke8 66. Nxc5 g4
67. Qe4+ Kf8 68. Qe6 Qg5 69. Rd7 Qd2+ 70. Kf1 1-0

[Event "C.to Provinciale MN"]
[Site "Mantova ITA"]
[Date "2013.03.01"]
[Round "3"]
[White "Oppici, Gabriele"]
[Black "Schiatti, Piero"]
[WhiteElo "1971"]
[BlackElo "1989"]
[Result "1-0"]
[PlyCount "77"]
[EventDate "2013.02.15"]

1. d4 e6 2. Nf3 f5 3. Bf4 Nf6 4. e3 b6 5. c4 Bb7 6. Nc3 Bb4 7. Be2 Ne4 8. Qb3
a5 9. O-O Bxc3 10. bxc3 d6 11. c5 Bd5 12. c4 Bc6 13. cxb6 cxb6 14. h4 Nd7 15.
Rab1 O-O 16. Rfd1 Qe7 17. Rbc1 Rab8 18. Qa3 Ba8 19. Ng5 e5 20. dxe5 Nxe5 21.
Nxe4 Bxe4 22. Qxd6 Qxd6 23. Rxd6 Rfe8 24. f3 Ba8 25. Rb1 Ng6 26. Rxg6 hxg6 27.
Bxb8 Rxb8 28. c5 b5 29. Rxb5 Rxb5 30. Bxb5 Kf8 31. Kf2 Ke7 32. Kg3 Bd5 33. a3
Bb7 34. Kf4 Kf6 35. e4 fxe4 36. fxe4 Ke6 37. Bc4+ Kf6 38. g4 Bc8 39. Bd5 1-0

[Event "C.to Provinciale MN"]
[Site "Mantova ITA"]
[Date "2013.03.01"]
[Round "3"]
[White "Zordan, Giovanni"]
[Black "Maniscalco, Orazio"]
[WhiteElo "1680"]
[BlackElo "1449"]
[Result "0-1"]
[PlyCount "54"]
[EventDate "2013.02.15"]

1. e4 c5 2. Nf3 d6 3. Bb5+ Bd7 4. Bxd7+ Qxd7 5. Nc3 Nf6 6. d4 cxd4 7. Qxd4 Nc6
8. Qa4 e6 9. O-O Be7 10. Be3 O-O 11. Rad1 a6 12. Rd2 Qc7 13. Rfd1 b5 14. Qb3
Na5 15. Qb4 d5 16. Qd4 Nc4 17. Re2 dxe4 18. Nxe4 Rfd8 19. Nxf6+ Bxf6 20. Qe4
Rxd1+ 21. Ne1 Rad8 22. b3 Nxe3 23. Qxe3 h6 24. g3 Bc3 25. Kg2 Bxe1 26. Rxe1
Rxe1 27. Qxe1 Qxc2 0-1

[Event "C.to Provinciale MN"]
[Site "Mantova ITA"]
[Date "2013.03.08"]
[Round "4"]
[White "Albinelli, Alberto"]
[Black "Caramaschi, Vincenzo"]
[WhiteElo "1869"]
[BlackElo "1590"]
[Result "1-0"]
[PlyCount "83"]
[EventDate "2013.02.15"]

1. d4 d5 2. Nf3 Bg4 3. Ne5 Bf5 4. Bf4 e6 5. e3 Bd6 6. Bd3 Bxd3 7. Qxd3 Nd7 8.
Nd2 Bxe5 9. dxe5 Nb6 10. O-O Qd7 11. b3 Ne7 12. Rad1 Ng6 13. Bg3 h5 14. h3 h4
15. Bh2 a6 16. a4 Ne7 17. a5 Nbc8 18. f4 Qb5 19. Qc3 b6 20. Qxc7 Ra7 21. Qc3
Qxa5 22. Qxa5 bxa5 23. Ra1 Nf5 24. e4 Ne3 25. Rfc1 dxe4 26. Nxe4 Rc7 27. c4 Rh6
28. Kf2 Nf5 29. Rxa5 Nd4 30. Rc3 Rb7 31. Nc5 Rb6 32. Rxa6 Rxa6 33. Nxa6 Ne7 34.
b4 Nef5 35. b5 Kd7 36. Rd3 Kc8 37. Nc5 Rh8 38. Ra3 Rd8 39. b6 Nc6 40. Ra8+ Nb8
41. Ra7 Nc6 42. Rc7+ 1-0

[Event "C.to Provinciale MN"]
[Site "Mantova ITA"]
[Date "2013.03.08"]
[Round "4"]
[White "Anserini, Alberto"]
[Black "Zordan, Giovanni"]
[WhiteElo "1523"]
[BlackElo "1680"]
[Result "0-1"]
[PlyCount "114"]
[EventDate "2013.02.15"]

1. e4 e5 2. Nf3 d6 3. h3 Nf6 4. Nc3 Be7 5. Bc4 Be6 6. d3 Bxc4 7. dxc4 Nc6 8. a3
Qd7 9. Be3 Na5 10. b3 b6 11. O-O Nb7 12. b4 O-O 13. Qd2 Qc6 14. Nd5 Nxd5 15.
cxd5 Qc4 16. Nh2 Qxe4 17. f4 f6 18. f5 Nd8 19. Rf3 Nf7 20. Re1 Qh4 21. g4 Ng5
22. Bxg5 Qxg5 23. Qf2 a5 24. b5 Kf7 25. Kh1 a4 26. h4 Qh6 27. Rh3 g6 28. h5 g5
29. Nf3 Ra5 30. c4 Rh8 31. Qe2 Qf8 32. h6 Qe8 33. Rc1 Bf8 34. Ne1 Qe7 35. Nc2
Ra8 36. Re1 Qe8 37. Nb4 Qb8 38. Nc6 Qb7 39. Rh2 Re8 40. Qc2 Qa8 41. Re4 Rg8 42.
Qg2 Rh8 43. Qh3 Kg8 44. Qh5 Qc8 45. Nd4 Qd7 46. Ne6 Re7 47. Rf2 Qc8 48. c5 bxc5
49. Rxa4 Qb7 50. Rb2 Qxd5+ 51. Rg2 Qd1+ 52. Kh2 Qxa4 53. Nxg5 Qf4+ 54. Kh3 Qxg5
55. a4 Qxh5+ 56. gxh5+ Kf7 57. a5 Bxh6 0-1

[Event "C.to Provinciale MN"]
[Site "Mantova ITA"]
[Date "2013.03.08"]
[Round "4"]
[White "Azzoni, Marino"]
[Black "Oppici, Gabriele"]
[WhiteElo "1879"]
[BlackElo "1971"]
[Result "0-1"]
[PlyCount "122"]
[EventDate "2013.02.15"]

1. e4 Nc6 2. d4 e5 3. dxe5 Nxe5 4. f4 Nc6 5. Nf3 d6 6. Bc4 Be6 7. Bxe6 fxe6 8.
Ng5 Qd7 9. Be3 O-O-O 10. Nc3 h6 11. Nf3 Nf6 12. h3 Be7 13. Qe2 Nh5 14. Qf2 Rhf8
15. g3 g5 16. fxg5 Bxg5 17. Bxg5 hxg5 18. Qg2 Qg7 19. O-O-O Ne5 20. Nd4 Qg6 21.
Rhf1 a6 22. Rf2 Rxf2 23. Qxf2 c5 24. Nde2 Nf6 25. Qe3 Nc4 26. Qd3 Ne5 27. Qe3
Qh5 28. g4 Qg6 29. Ng3 Nc6 30. Na4 Kc7 31. Nc3 Rh8 32. Qd3 Nd4 33. e5 Qxd3 34.
exd6+ Kc6 35. Rxd3 Rxh3 36. Nce4 Nd7 37. Nxg5 Rxg3 38. Rxg3 Ne2+ 39. Kd2 Nxg3
40. Nxe6 Kxd6 41. Nd8 b5 42. Kd3 Ne5+ 43. Ke3 Kd5 44. Kf4 Ne2+ 45. Ke3 Nd4 46.
c3 Ne6 47. Nxe6 Kxe6 48. Kf4 Ng6+ 49. Ke4 a5 50. a3 a4 51. Kd3 Kd5 52. Ke3 Ke5
53. Kd3 Kf4 54. g5 Ne5+ 55. Kc2 Kxg5 56. b3 Kf4 57. bxa4 bxa4 58. Kd2 Nc4+ 59.
Kd3 Nxa3 60. c4 Kf3 61. Kc3 Ke3 0-1

[Event "C.to Provinciale MN"]
[Site "Mantova ITA"]
[Date "2013.03.08"]
[Round "4"]
[White "Baroni, Alessandro"]
[Black "Bozzi, Gianni"]
[WhiteElo "1949"]
[BlackElo "2168"]
[Result "1/2-1/2"]
[PlyCount "97"]
[EventDate "2013.02.15"]

1. e4 Nf6 2. e5 Nd5 3. d4 d6 4. Nf3 g6 5. Bc4 c6 6. O-O Bg7 7. Re1 O-O 8. Bg5
Be6 9. Nbd2 dxe5 10. Nxe5 Nd7 11. Nb3 Nxe5 12. dxe5 Qc7 13. Qe2 c5 14. Rad1
Rad8 15. Qe4 Bf5 16. Qe2 Nb6 17. g4 Be6 18. Bxe6 fxe6 19. Rxd8 Rxd8 20. Qe3 Rd5
21. f4 h6 22. Bh4 g5 23. Bg3 gxf4 24. Bxf4 c4 25. Nd4 Qc5 26. Nxe6 Qxe3+ 27.
Bxe3 Bxe5 28. Bxh6 Bxb2 29. Nc7 Re5 30. Rxe5 Bxe5 31. Ne6 Nd5 32. Nd8 b5 33.
Nc6 Bd6 34. Kg2 a6 35. Bd2 Nf6 36. h3 Kf7 37. Bb4 Nd5 38. Bxd6 exd6 39. Kf3 Nc3
40. Nb4 a5 41. Nc6 Nxa2 42. Nxa5 Nb4 43. Ke4 Nxc2 44. Kd5 Na1 45. Kd4 Nc2+ 46.
Kc3 Ne3 47. Kd4 Nd1 48. Nc6 Nf2 49. Na7 1/2-1/2

[Event "C.to Provinciale MN"]
[Site "Mantova ITA"]
[Date "2013.03.08"]
[Round "4"]
[White "Foroni, Francesco"]
[Black "Boni, Gianni"]
[WhiteElo "1870"]
[BlackElo "1809"]
[Result "0-1"]
[PlyCount "50"]
[EventDate "2013.02.15"]

1. Nf3 Nf6 2. d4 d5 3. e3 Bg4 4. Nbd2 e6 5. Be2 Nbd7 6. O-O Bd6 7. b3 O-O 8.
Bb2 c6 9. c4 Rc8 10. a3 Re8 11. b4 Ne4 12. Re1 Qf6 13. Qc2 Nxd2 14. Nxd2 Qh6
15. Bxg4 Bxh2+ 16. Kf1 f5 17. Bxf5 exf5 18. Qxf5 Nb6 19. Rac1 Bb8 20. Qh3 Qg6
21. Ke2 dxc4 22. Nxc4 Nd5 23. Ne5 Bxe5 24. dxe5 Qe4 25. Bd4 Nf4+ 0-1

[Event "C.to Provinciale MN"]
[Site "Mantova ITA"]
[Date "2013.03.08"]
[Round "4"]
[White "La Venia, Stefano"]
[Black "Goldoni, Claudio"]
[WhiteElo "2005"]
[BlackElo "1996"]
[Result "1-0"]
[PlyCount "59"]
[EventDate "2013.02.15"]

1. e4 d6 2. d4 Nf6 3. Nc3 g6 4. Bg5 Bg7 5. Qd2 h6 6. Bf4 Ng4 7. O-O-O e5 8.
dxe5 Nxe5 9. Bxe5 Bxe5 10. f4 Bf6 11. Nd5 Bg7 12. Nf3 O-O 13. h4 Bg4 14. Be2
Nc6 15. c3 Re8 16. Ne3 Bd7 17. h5 gxh5 18. Rxh5 Rxe4 19. Bd3 Rxf4 20. Nf5 Rxf5
21. Bxf5 b5 22. Rdh1 b4 23. c4 b3 24. axb3 Rb8 25. Bxd7 Qxd7 26. Rxh6 Qf5 27.
R1h5 Qg4 28. Rg5 Qe4 29. Rxg7+ Kxg7 30. Qg5+ 1-0

[Event "C.to Provinciale MN"]
[Site "Mantova ITA"]
[Date "2013.03.08"]
[Round "4"]
[White "Maniscalco, Orazio"]
[Black "Maniscalco, Davide"]
[WhiteElo "1449"]
[BlackElo "1706"]
[Result "0-1"]
[PlyCount "66"]
[EventDate "2013.02.15"]

1. e4 e6 2. d4 d5 3. exd5 exd5 4. Nf3 Nf6 5. h3 Bb4+ 6. c3 Be7 7. Bd3 O-O 8.
Bg5 Nbd7 9. Nbd2 c5 10. O-O Qb6 11. Qc2 h6 12. Rfe1 Re8 13. Be3 Nf8 14. dxc5
Bxc5 15. Bxc5 Rxe1+ 16. Rxe1 Qxc5 17. b4 Qc7 18. c4 dxc4 19. Nxc4 Be6 20. Nd4
Bd5 21. a3 Qf4 22. Ne2 Qc7 23. Nd4 Rd8 24. Ne3 Qxc2 25. Nexc2 Ne6 26. Nxe6 Bxe6
27. Be4 Rd2 28. Na1 Nxe4 29. Rxe4 Rd1+ 30. Kh2 Rxa1 31. Re3 Ra2 32. Kg3 Rb2 33.
f4 Bd5 0-1

[Event "C.to Provinciale MN"]
[Site "Mantova ITA"]
[Date "2013.03.08"]
[Round "4"]
[White "Pietralunga, Nicola"]
[Black "Bertani, Gianfranco"]
[WhiteElo "2108"]
[BlackElo "2057"]
[Result "0-1"]
[PlyCount "46"]
[EventDate "2013.02.15"]

1. d4 f5 2. Nc3 d5 3. Nf3 e6 4. Bf4 Nf6 5. e3 c6 6. Bd3 Be7 7. Qe2 O-O 8. O-O
Qe8 9. Nd2 Nbd7 10. Rae1 a6 11. f3 c5 12. dxc5 Nxc5 13. e4 fxe4 14. fxe4 Nxd3
15. Qxd3 Bc5+ 16. Kh1 Ng4 17. Nd1 Qh5 18. Bg3 Bd7 19. exd5 exd5 20. Ne3 Bxe3
21. Rxe3 Rxf1+ 22. Nxf1 Bb5 23. Qd1 Nf2+ 0-1

[Event "C.to Provinciale MN"]
[Site "Mantova ITA"]
[Date "2013.03.08"]
[Round "4"]
[White "Schiatti, Piero"]
[Black "Beltrami, Nerio"]
[WhiteElo "1989"]
[BlackElo "1907"]
[Result "0-1"]
[PlyCount "94"]
[EventDate "2013.02.15"]

1. d4 Nf6 2. c4 g6 3. Nc3 Bg7 4. e4 d6 5. Bd3 c5 6. d5 Nbd7 7. f4 O-O 8. Nf3 b5
9. Nxb5 Nb6 10. O-O Bd7 11. a4 a6 12. Nc3 Rb8 13. e5 Nh5 14. h3 Ng3 15. Re1 Bf5
16. Kh2 Bxd3 17. Qxd3 Nf5 18. g4 Nh6 19. Rb1 Qc7 20. Bd2 Rfe8 21. a5 Nc8 22.
Na4 dxe5 23. fxe5 f6 24. Bc3 Nf7 25. Qe3 Rb3 26. Qxc5 Qb8 27. Qc6 Rf8 28. Kg2
fxe5 29. Nc5 e4 30. Nxe4 Bxc3 31. Nxc3 Rxb2+ 32. Kh1 Rxb1 33. Rxb1 Qg3 34. d6
Ncxd6 35. Ne2 Qxh3+ 36. Nh2 Ne5 37. Qd5+ Ndf7 38. Nf4 Qc3 39. Ne6 Rc8 40. c5
Qd3 41. Qxd3 Nxd3 42. Rd1 Nfe5 43. Kg2 Rc6 44. Nf3 Rxe6 45. Nxe5 Nxe5 46. Re1
Kf7 47. c6 Nxc6 0-1

[Event "C.to Provinciale MN"]
[Site "Mantova ITA"]
[Date "2013.03.15"]
[Round "5"]
[White "Bertani, Gianfranco"]
[Black "Beltrami, Nerio"]
[WhiteElo "2057"]
[BlackElo "1907"]
[Result "1-0"]
[PlyCount "93"]
[EventDate "2013.02.15"]

1. d4 g6 2. Bf4 Bg7 3. Nf3 Nf6 4. Nc3 d6 5. Qd2 Nbd7 6. Bh6 O-O 7. O-O-O c6 8.
Bxg7 Kxg7 9. e4 Qa5 10. Bd3 b5 11. e5 dxe5 12. dxe5 Ng4 13. h4 b4 14. Ne4 Qxa2
15. Qxb4 Rb8 16. Qc3 e6 17. b3 Nb6 18. h5 Nd5 19. Qb2 Qa5 20. hxg6 fxg6 21. Nd4
Qb6 22. Ng5 Rh8 23. Ndxe6+ Bxe6 24. Nxe6+ Kg8 25. Rd2 Re8 26. Ng5 Nxf2 27. Rf1
Nxd3+ 28. Rxd3 Rf8 29. Rxf8+ Kxf8 30. e6 Qg1+ 31. Rd1 Qe3+ 32. Kb1 Nc3+ 33. Ka1
Ke8 34. Nf7 Rf8 35. Rh1 h5 36. Nd6+ Kd8 37. Qa3 Rf2 38. Nc4 Qxe6 39. Qa5+ Kc8
40. Qxc3 Rxg2 41. Re1 Qd7 42. Qh8+ Kb7 43. Qf6 Ka6 44. Kb2 Qd5 45. Ra1+ Kb7 46.
Qe7+ Kc8 47. Nd6+ 1-0

[Event "C.to Provinciale MN"]
[Site "Mantova ITA"]
[Date "2013.03.15"]
[Round "5"]
[White "Boni, Gianni"]
[Black "Azzoni, Marino"]
[WhiteElo "1809"]
[BlackElo "1879"]
[Result "0-1"]
[PlyCount "106"]
[EventDate "2013.02.15"]

1. Nf3 d6 2. d4 Nf6 3. c4 g6 4. b4 Bd7 5. Bb2 Bg7 6. e3 a6 7. Bd3 c5 8. bxc5
dxc5 9. O-O cxd4 10. exd4 O-O 11. Nbd2 e6 12. Re1 Nc6 13. Nb3 b6 14. Rc1 Bh6
15. Ra1 Bg7 16. a3 Bc8 17. Rc1 Bb7 18. Bf1 Rc8 19. Rc2 Rc7 20. Bc1 Rd7 21. Be3
Ng4 22. h3 Nxe3 23. fxe3 Qe7 24. Qc1 Rc8 25. Nbd2 Bf8 26. Ne4 Bh6 27. Qb2 Na5
28. Nf2 Rdc7 29. Nd2 Rc6 30. Ng4 Bg7 31. Qb4 Qd8 32. Bd3 Rd6 33. Be4 Nc6 34.
Qb1 f5 35. Bxc6 Bxc6 36. Nf2 Qg5 37. d5 Bb7 38. Nf3 Qd8 39. e4 exd5 40. exd5
Qc7 41. Re6 Rxe6 42. dxe6 Bxf3 43. gxf3 Qg3+ 44. Kf1 Bd4 45. Qe1 Qxf3 46. e7
Qc6 47. Qd2 Qc5 48. Rc1 Re8 49. Qc2 Rxe7 50. Nd3 Qc6 51. Nf2 Qf3 52. Qd2 Bc5
53. Re1 Rxe1+ 0-1

[Event "C.to Provinciale MN"]
[Site "Mantova ITA"]
[Date "2013.03.15"]
[Round "5"]
[White "Bozzi, Gianni"]
[Black "Pietralunga, Nicola"]
[WhiteElo "2168"]
[BlackElo "2108"]
[Result "1-0"]
[PlyCount "33"]
[EventDate "2013.02.15"]

1. d4 d5 2. Bg5 Nf6 3. Bxf6 exf6 4. e3 g6 5. Bd3 Bg7 6. Ne2 O-O 7. O-O Nd7 8.
c4 dxc4 9. Bxc4 c5 10. Nbc3 cxd4 11. Nxd4 a6 12. Qe2 f5 13. Rfd1 Qe7 14. Nd5
Qe5 15. Rac1 b5 16. Nc6 Qd6 17. Nde7+ 1-0

[Event "C.to Provinciale MN"]
[Site "Mantova ITA"]
[Date "2013.03.15"]
[Round "5"]
[White "Caramaschi, Vincenzo"]
[Black "Anserini, Alberto"]
[WhiteElo "1590"]
[BlackElo "1523"]
[Result "1-0"]
[PlyCount "93"]
[EventDate "2013.02.15"]

1. Nf3 Nf6 2. c4 e6 3. Nc3 d5 4. Qc2 d4 5. Nb5 c5 6. e3 a6 7. Na3 Nc6 8. Qa4 d3
9. Ne5 Be7 10. Bxd3 O-O 11. Nxc6 bxc6 12. Qc2 Qc7 13. b3 Bd6 14. Bb2 Be5 15.
O-O-O Bxb2+ 16. Qxb2 e5 17. f3 Be6 18. Nb1 a5 19. Nc3 Rfb8 20. Na4 Qd6 21. Qc2
g6 22. h4 Rd8 23. Be2 Bf5 24. e4 Be6 25. g4 Ne8 26. g5 Nc7 27. h5 Na6 28. a3
Rab8 29. hxg6 fxg6 30. Rh4 Rd7 31. Rdh1 Rbb7 32. Nb2 Qb8 33. f4 Rxb3 34. f5
Rxa3 35. d4 Ra1+ 36. Kd2 Rxh1 37. Rxh1 Rxd4+ 38. Ke3 Bf7 39. f6 Nc7 40. Bg4 Ne8
41. Qh2 Qb3+ 42. Kf2 Qxb2+ 43. Be2 h5 44. gxh6 Kh7 45. Qxe5 Nd6 46. Rd1 Rxd1
47. Qxb2 1-0

[Event "C.to Provinciale MN"]
[Site "Mantova ITA"]
[Date "2013.03.15"]
[Round "5"]
[White "Goldoni, Claudio"]
[Black "Baroni, Alessandro"]
[WhiteElo "1996"]
[BlackElo "1949"]
[Result "0-1"]
[PlyCount "66"]
[EventDate "2013.02.15"]

1. e4 e6 2. d4 d5 3. Bd3 dxe4 4. Bxe4 Nf6 5. Bf3 c5 6. Ne2 Nc6 7. c3 cxd4 8.
cxd4 Bb4+ 9. Nbc3 Nd5 10. O-O Nxc3 11. bxc3 Bd6 12. Ng3 Qc7 13. Be4 Ne7 14. Bd2
Bd7 15. Rb1 Bc6 16. Bd3 Ng6 17. Qg4 h5 18. Qh3 Bf4 19. Be3 Ne7 20. Ne4 O-O-O
21. c4 g5 22. d5 g4 23. Qh4 Ng6 24. Qf6 Bxh2+ 25. Kh1 Be5 26. Qg5 exd5 27. cxd5
Rxd5 28. Bc4 Bf4 29. Qf6 Be5 30. Qf5+ Rd7 31. Nc5 Nh4 32. Qc2 Bxg2+ 33. Kg1
Bh2# 0-1

[Event "C.to Provinciale MN"]
[Site "Mantova ITA"]
[Date "2013.03.15"]
[Round "5"]
[White "Maniscalco, Davide"]
[Black "Foroni, Francesco"]
[WhiteElo "1706"]
[BlackElo "1870"]
[Result "1/2-1/2"]
[PlyCount "102"]
[EventDate "2013.02.15"]

1. e4 e6 2. d4 d5 3. Nc3 dxe4 4. Nxe4 Nd7 5. Nf3 Ngf6 6. Nxf6+ Nxf6 7. Bc4 c5
8. O-O cxd4 9. Qxd4 Qxd4 10. Nxd4 a6 11. Rd1 Be7 12. Bg5 b5 13. Be2 Bb7 14. c4
bxc4 15. Bxc4 Nd5 16. Bxe7 Kxe7 17. Nf5+ Kf6 18. Nd6 Bc6 19. Ne4+ Ke7 20. Nc5
a5 21. a3 Rhd8 22. Bxd5 Rxd5 23. Rxd5 Bxd5 24. Rb1 Kd6 25. b4 axb4 26. axb4 Ra2
27. f3 Kc6 28. Nd3 f6 29. Rc1+ Kb6 30. Rc5 g5 31. h3 Rd2 32. Rc3 Ba2 33. Nc5
Rd4 34. Ne4 Rxb4 35. Nxf6 h6 36. Re3 Rb5 37. Kh2 Rf5 38. Ne4 Kc6 39. Rc3+ Kd7
40. Ra3 Bd5 41. Ng3 Rf6 42. Ra7+ Kd6 43. Ra4 Rf4 44. Ra7 Ke5 45. Rh7 Rf6 46.
Nh5 Rg6 47. Kg3 Ba2 48. Kf2 Bb1 49. Rh8 Kf5 50. Rf8+ Ke5 51. Rh8 Bc2 1/2-1/2